| 000 | 01021nam a22003377a 4500 | ||
|---|---|---|---|
| 001 | BR8204787 | ||
| 003 | BR-BrBNA | ||
| 005 | 20230928091426.0 | ||
| 007 | ta | ||
| 008 | 230509b bl.||||| |||| 00| 0 por d | ||
| 040 |
_aBR-BrBNA _bpor _cBiblioteca Nacional de Agricultura |
||
| 041 | _a(Por) | ||
| 072 |
_aE50; F00; L00 _b1300 _b6000 _b/G514 |
||
| 090 | _ 1300 BR8204787 | ||
| 100 | 1 | _aReis, M. de N.F. | |
| 100 | 1 | _aAssuncao, S.M.M. | |
| 100 | 1 | _aGillet, S.A.B. | |
| 100 | 1 | _aFalesi, I.C. | |
| 110 | 1 | _aSecretaria de Estado de Agricultura do Para, Belem (Brasil) | |
| 245 | 1 | _aEstudo para implantacao da Colonia Agricola de Barcarena. Parte 1: Projeto Agropecuario; Parte 2. Projeto hortigranjeiro [Para, Brasil] | |
| 260 | 3 |
_aBelem, PA (Brasil): _c1982. |
|
| 300 | _a84 p. | ||
| 650 | _aCOLONIZACAO | ||
| 650 | _aPROJETO DE COLONIZACAO | ||
| 650 | _aPROJETO AGRICOLA | ||
| 650 | _aHORTICULTURA | ||
| 650 | _aAVICULTURA | ||
| 650 | _aPARA | ||
| 909 |
_a202309 _bLucia _c55 _dLucia Elande |
||
| 942 | _cBK | ||
| 999 |
_c33816 _d33816 |
||